| 000 | 01015na a2200277 4500 | ||
|---|---|---|---|
| 001 | 16240 | ||
| 003 | MIRAKIL | ||
| 005 | 20181213155308.0 | ||
| 008 | 161002b tu 000 0 | ||
| 035 | _a16240 | ||
| 040 |
_aMilas _btur _cTR-AnCHP |
||
| 041 | _atur | ||
| 082 |
_a321.8 _bT25s 2010 |
||
| 090 | _a321.8 T25s 2010 | ||
| 110 | _aTanıtım ve Medya Başkanlığı | ||
| 245 |
_aSoruları ve cevaplarıyla Demokratik Açılım Süreci _bMilli Birlik ve Kardeşlik Projesi _chaz. AK Parti Tanıtım ve Medya Başkanlığı |
||
| 246 | _aMilli Birlik ve Kardeşlik Projesi | ||
| 260 |
_aAnkara _bAK Parti _c2010 |
||
| 300 |
_a133 s. _bfotğ. _c30 sm. |
||
| 440 | _aAdalet ve Kalkınma Partisi Yayınları | ||
| 600 |
_aErdoğan, Recep Tayyip _xAçılım politikaları |
||
| 610 |
_aDemokratik açılım _xAKP _yTerörizmle mücadele |
||
| 650 |
_aDemokratik açılım süreci _zTürkiye |
||
| 650 |
_aAKP iktidarı _xDemokratik açılım süreci _ySiyasal eylem grupları _zTürkiye |
||
| 942 |
_2ddc _cBKS |
||
| 999 |
_c10131 _d10131 |
||